|
|
|
|
| LEADER |
00000nam0a2200000 4500 |
| 001 |
302325 |
| 005 |
20231102001506.0 |
| 020 |
|
|
|a RU
|b 84-16202
|
| 035 |
|
|
|a (RuTPU)RU\TPU\book\327522
|
| 090 |
|
|
|a 302325
|
| 100 |
|
|
|a 20150820d1983 km y0rusy5003 ca
|
| 101 |
0 |
|
|a rus
|
| 102 |
|
|
|a RU
|
| 105 |
|
|
|a a z 001zy
|
| 200 |
1 |
|
|a Реакционная способность полифторароматических соединений
|e сборник статей
|f Академия наук СССР (АН СССР), Сибирское отделение (СО), Новосибирский институт органической химии ; под ред. Г. Г. Якобсона
|
| 210 |
|
|
|a Новосибирск
|c Наука
|d 1983
|
| 215 |
|
|
|a 251 с.
|c ил.
|
| 320 |
|
|
|a Библиогр.: с. 242-250
|
| 606 |
1 |
|
|a Ароматические соединения, фторпроизводные
|x Химия
|2 stltpush
|3 (RuTPU)RU\TPU\subj\76583
|9 87586
|
| 610 |
1 |
|
|a реакционная способность
|
| 610 |
1 |
|
|a получение
|
| 610 |
1 |
|
|a карбены
|
| 610 |
1 |
|
|a аналоги
|
| 610 |
1 |
|
|a производные
|
| 610 |
1 |
|
|a количественное влияние
|
| 675 |
|
|
|a 547.53
|v 3
|
| 702 |
|
1 |
|a Якобсон
|b Г. Г.
|g Георгий Густавович
|4 340
|
| 712 |
0 |
2 |
|a Академия наук СССР (АН СССР)
|b Сибирское отделение (СО)
|b Новосибирский институт органической химии
|2 stltpush
|3 (RuTPU)RU\TPU\col\13404
|
| 801 |
|
0 |
|a RU
|b RuMRKP
|c 19950704
|g psbo
|
| 801 |
|
1 |
|a RU
|b 63413507
|c 20150820
|
| 801 |
|
2 |
|a RU
|b 63413507
|c 20190621
|g RCR
|
| 942 |
|
|
|c BK
|